All of the teams of certain CS:GO players - Statistics

General Stats
  • This quiz has been taken 285 times
  • The average score is 21 of 52
Answer Stats
Player Years Team name % Correct
NiKo 2020 - Present G2
89%
NiKo 2017 - 2020 FaZe
86%
apEX 2018 - Present Vitality
83%
s1mple 2016 - Present Natus Vincere
82%
Stewie2K 2016 - 2018 Cloud9
78%
s1mple 2016 Liquid
78%
Stewie2K 2019 - 2022 Liquid
77%
NiKo 2015 - 2017 MOUZ
75%
Kjaerbye 2016 - 2018 Astralis
71%
apEX 2017 - 2018 G2
68%
apEX 2015 - 2017 Envy
67%
Stewie2K 2022 - Present Evil Geniuses
67%
Kjaerbye 2018 - 2020 North
66%
Stewie2K 2018 MIBR
60%
apEX 2014 - 2015 Titan
58%
s1mple 2014 - 2015 HellRaisers
56%
Stewie2K 2018 SK
50%
junior 2022 - Present Complexity
49%
smooya 2021 - 2022 fnatic
49%
Kjaerbye 2020 - 2021 FaZe
47%
felps 2017 - 2018 SK
47%
apEX 2014 LDLC
45%
smooya 2018 - 2019 BIG
42%
s1mple 2015 FlipSid3
40%
apEX 2013 LDLC
39%
Kjaerbye 2015 - 2016 Dignitas
38%
felps 2019 MIBR
38%
junior 2021 FURIA
36%
smooya 2019 BIG
32%
junior 2022 FURIA
32%
smooya 2022 - Present Into The Breach
32%
s1mple 2015 HellRaisers
29%
smooya 2021 Movistar Riders
28%
felps 2021 - Present GODSENT
26%
felps 2016 Immortals
25%
junior 2021 - 2022 Bad News Bears
23%
smooya 2020 Chaos
22%
NiKo 2013 iNation
22%
junior 2020 Triumph
22%
apEX 2013 Clan-Mystik
19%
felps 2016 Tempo Storm
16%
Kjaerbye 2021 HYENAS
15%
Stewie2K 2015 Splyce
15%
smooya 2017 - 2018 Epsilon
14%
felps 2020 BOOM
11%
felps 2018 INTZ
11%
felps 2018 Não Tem Como
11%
Kjaerbye 2014 CPH Wolves
10%
felps 2016 Games Academy
10%
junior 2020 Recon 5
10%
smooya 2019 Renegades
10%
Stewie2K 2015 SKDC
10%
No matching quizzes found
Score Distribution
Percent of People with Each Score
Percentile by Number Answered
Your Score History
You have not taken this quiz